| 000 | 00925pam a2200277 a 4500 | ||
|---|---|---|---|
| 001 | 3367 | ||
| 005 | 20251127140136.0 | ||
| 020 | _a9780439108355 | ||
| 040 |
_aDLC _cDLC _dDLC _beng |
||
| 050 | 0 | 0 |
_aTG148.H86 _b1998 |
| 082 | 0 | 0 | _a624.2 |
| 100 | 1 | _aHunter, Ryan Ann | |
| 245 | 0 | 0 |
_aCross a bridge / _cby Ryan Ann Hunter ; illustrated by Edward Miller |
| 250 | _aFirst Scholastic printing , September 1999 | ||
| 260 |
_aNew York : _bScholastic , _c1998 |
||
| 300 |
_a31 unnumbered pages : _bcolor illustrations ; _c21 cm . |
||
| 505 | _aN | ||
| 520 | _aDescribes different kinds of bridges: how they are built and how they are used. | ||
| 521 |
_a550
_bLexile |
||
| 521 |
_aN
_bRaz-Plus |
||
| 650 | 0 |
_aBridges _xJuvenile literature |
|
| 650 | 1 |
_aBridges _vJuvenile literature |
|
| 700 | 1 |
_aMiller, Edward _d1964- _eillustrator |
|
| 906 |
_a7 _bcbc _corignew _d1 _eocip _f19 _gy-gencatlg |
||
| 942 |
_2ddc _cBK _n0 |
||
| 999 |
_c3367 _d3367 |
||